000 00693nas a2200229 4500
001 BR8503387
003 BR-BrBNA
005 20231205090248.0
007 ta
008 230509b bl.|||p| |||| 00| 00por d
040 _aBR-BrBNA
_bpor
_cBiblioteca Nacional de Agricultura
041 _a(Pt)
072 _aF06
100 1 _aUngaretti, G.
245 1 _aGarantia de maior produtividade [irrigacao]
650 _aIRRIGACAO POR ASPERSAO
650 _aIRRIGACAO POR INFILTRACAO
650 _aIRRIGACAO POR INUNDACAO
773 0 _tAgricultura de Hoje (Brazil)
_xISSN 0100-5707
_g(Sep 1985), v. 10(108) p. 12-14
_wBR8503387
909 _a202311
_bLúcia
_c55
_dLúcia Elande
942 _2AGRIS
_n0
_cANA
999 _c117204
_d117204